LEADER 01828nam 2200469 n 450 001 996383890703316 005 20221108094728.0 035 $a(CKB)1000000000598785 035 $a(EEBO)2240911520 035 $a(UnM)99841440 035 $a(EXLCZ)991000000000598785 100 $a19910402d1638 uy | 101 0 $aeng 135 $aurbn||||a|bb| 200 14$aThe golden meane$b[electronic resource] $eEnlarged by the first authour. As it was formerly written to the late Earle of Northumberland. Discoursing the noblenesse of perfect vertue in extreames 205 $aFiat 3o. Editio juxta hoc exemplar. 210 $aLondon $cPrinted [by J. Haviland] for John Benson & to be sold at his shopp vnder St. Dunstons Church fleetstreet$d[1638] 215 $a[6], 182, [2] p 300 $aAttributed to John Ford and to Anthony Stafford--STC. 300 $aPrinter's name from STC. 300 $aEdition statement from colophon, H11r, which reads: Fiat 3o. Editio juxta hoc Exemplar. Sa. Baker. Ex aedibus Lond. Maii 3. 1638. 300 $aEngraved title page has: Will: Marshall sculpsit 1638. 300 $aSignatures: A-H12. 300 $aIdentified as STC 17759a on film. 300 $aImperfect: letterpress t.p. lacking. 300 $aReproduction of the original in the Folger Shakespeare Library. 330 $aeebo-0055 606 $aModeration$vEarly works to 1800 606 $aVirtue$vEarly works to 1800 615 0$aModeration 615 0$aVirtue 702 $aFord$b John$f1586-ca. 1640,$4aut 702 $aStafford$b Anthony$4aut 702 $aMarshall$b William$ffl. 1617-1650, 801 0$bCu-RivES 801 1$bCu-RivES 801 2$bCStRLIN 801 2$bWaOLN 906 $aBOOK 912 $a996383890703316 996 $aThe golden meane$92330172 997 $aUNISA LEADER 00874nam a2200253 i 4500 001 991002596459707536 005 20020503171105.0 008 010104s1898 de ||| | lat 035 $ab10387584-39ule_inst 035 $aEXGIL106666$9ExL 040 $aBiblioteca Interfacoltà$bita 082 0 $a874.01 100 1 $aPropertius, Sextus$0467785 245 10$aElegiae /$crecensuit Lucianus Müeller 260 $aLipsia :$bTeubner,$c1898 300 $a138 p. ;$c17 cm. 490 0 $aBibliotheca scriptorum Graecorum et Romanorum Teubneriana 700 1 $aMüeller, Luciano 907 $a.b10387584$b21-02-17$c27-06-02 912 $a991002596459707536 945 $aLE002 Lat. I G 19$g1$i2002000726230$lle002$o-$pE0.00$q-$rn$so $t0$u0$v0$w0$x0$y.i1045259x$z27-06-02 996 $aElegiae$913699 997 $aUNISALENTO 998 $ale002$b01-01-01$cm$da $e-$flat$gde $h0$i1